[Event "Tenerife op 23rd"]
[Site "Tenerife"]
[Date "2012.12.17"]
[Round "3"]
[White "Hidalgo Santana, Fernando"]
[Black "Zimin, Vladimir"]
[Result "1-0"]
[WhiteElo "2193"]
[BlackElo "2402"]
[PlyCount "93"]
[EventDate "2012.12.13"]
[EventType "swiss"]
[EventRounds "9"]
[EventCountry "ESP"]
[SourceTitle "CBM 152 Extra"]
[Source "ChessBase"]
[SourceDate "2013.02.25"]
[SourceVersion "1"]
[SourceVersionDate "2013.02.25"]
[SourceQuality "1"]

1. e4 c6 2. Nf3 d5 3. exd5 cxd5 4. Ne5 Nf6 5. d4 a6 6. Bd3 Nc6 7. c3 g6 8. 0-0 Bg7 9. Qe2 0-0 10. Nd2 Bf5 11. Bxf5 gxf5 12. Nb3 Nd7 13. Bf4 Rc8 14. Nxd7 Qxd7 15. Nc5 Qd8 16. Nxb7 Qb6 17. Nc5 Qb5 18. Qd2 Rfd8 19. a4 Qb6 20. b4 a5 21. b5 Nb8 22. Rfe1 Nd7 23. Nxd7 Rxd7 24. Re3 Kh8 25. Rh3 Rg8 26. Qd3 Qe6 27. Rh5 Qe4 28. Qh3 Rc8 29. Rxh7+ Kg8 30. Rh4 Qc2 31. Rc1 Qb2 32. Qxf5 Rxc3 33. Rb1 Qc2 34. Qxc2 Rxc2 35. b6 Rb7 36. Rg4 Rc6 37. h4 Rcxb6 38. Rxb6 Rxb6 39. Bd2 Kh7 40. Bxa5 Ra6 41. Bd8 Rxa4 42. Bxe7 Bxd4 43. Rg5 Ra1+ 44. Kh2 Bxf2 45. Rxd5 Ra4 46. Rf5 Bxh4 47. Rh5+ 1-0

[Event "Internet Section 10B g/8'+2\""]
[Site "Dos Hermanas"]
[Date "2004.03.11"]
[Round "8"]
[White "Zimin, Vladimir"]
[Black "Choma, Ernani Francisco"]
[Result "1-0"]
[WhiteElo "2398"]
[BlackElo "2268"]
[PlyCount "67"]
[EventDate "2004.03.10"]
[EventType "swiss (blitz)"]
[EventRounds "9"]
[EventCountry "ESP"]
[SourceTitle "EXT 2005"]
[Source "ChessBase"]
[SourceDate "2004.11.15"]
[SourceVersion "1"]
[SourceVersionDate "2004.11.15"]
[SourceQuality "1"]

1. e4 c5 2. Nf3 e6 3. d4 cxd4 4. Nxd4 Nf6 5. Nc3 Nc6 6. Nb3 Bb4 7. Bd3 d5 8. exd5 Nxd5 9. Bd2 Nxc3 10. bxc3 Bd6 11. c4 b6 12. Qg4 Be5 13. Rd1 Bb7 14. c5 0-0 15. cxb6 axb6 16. 0-0 Qc7 17. Qh3 g6 18. Bh6 Rfd8 19. Bg5 Rd7 20. Bc4 Rxd1 21. Rxd1 Rxa2 22. Nc5 bxc5 23. Bxa2 Nd4 24. c3 Nc6 25. Bxe6 Bf4 26. Rd7 Qe5 27. Bxf7+ Kh8 28. Bc4 h5 29. Bxf4 Qxf4 30. Rxb7 Qxc4 31. Qc8+ Qg8 32. Qxc6 Qd8 33. Qb5 h4 34. Rb8 1-0

[Event "Internet Section 08A g/8'+2\""]
[Site "Dos Hermanas"]
[Date "2004.03.08"]
[Round "6"]
[White "Zimin, Vladimir"]
[Black "Chassy, Philippe"]
[Result "0-1"]
[WhiteElo "2398"]
[BlackElo "2174"]
[PlyCount "106"]
[EventDate "2004.03.08"]
[EventType "swiss (blitz)"]
[EventRounds "9"]
[EventCountry "ESP"]
[SourceTitle "CBM 099 Extra"]
[Source "ChessBase"]
[SourceDate "2004.05.04"]
[SourceVersion "1"]
[SourceVersionDate "2004.05.04"]
[SourceQuality "1"]

1. e4 c5 2. Nf3 d6 3. d4 cxd4 4. Nxd4 Nf6 5. Nc3 g6 6. Be3 Bg7 7. Bc4 0-0 8. f3 Nc6 9. h4 Bd7 10. Qd2 Qa5 11. Bb3 Rfc8 12. Nxc6 bxc6 13. h5 Nxh5 14. g4 Nf6 15. Bh6 Be6 16. Bxg7 Kxg7 17. Qh6+ Kg8 18. g5 Nh5 19. Bxe6 fxe6 20. Rxh5 gxh5 21. Qxe6+ Kf8 22. 0-0-0 Qxg5+ 23. Kb1 Qf6 24. Qh3 Rab8 25. f4 Qg6 26. b3 Qg4 27. Qh2 Qf3 28. Rd3 Qf1+ 29. Kb2 Ke8 30. Qxh5+ Kd8 31. f5 Kc7 32. Qxh7 Re8 33. e5 d5 34. Qf7 Rbd8 35. f6 Kb8 36. Qg7 exf6 37. exf6 Rf8 38. Qe7 Qxf6 39. Qxf6 Rxf6 40. Na4 Kc7 41. Nc5 Kb6 42. b4 a5 43. a3 axb4 44. axb4 Rf7 45. Kb3 Re7 46. Na4+ Kb7 47. Nc5+ Kc7 48. Na6+ Kd6 49. Nc5 Ra8 50. c3 Rea7 51. Rh3 Ra3+ 52. Kb2 Ra2+ 53. Kb3 R8a3# 0-1

[Event "Internet Section 07A g/8'+2\""]
[Site "Dos Hermanas"]
[Date "2004.03.07"]
[Round "3"]
[White "Zimin, Vladimir"]
[Black "Laplaza, Jorge FN"]
[Result "1-0"]
[WhiteElo "2398"]
[BlackElo "2112"]
[PlyCount "129"]
[EventDate "2004.03.07"]
[EventType "swiss (blitz)"]
[EventRounds "9"]
[EventCountry "ESP"]
[SourceTitle "CBM 099 Extra"]
[Source "ChessBase"]
[SourceDate "2004.05.04"]
[SourceVersion "1"]
[SourceVersionDate "2004.05.04"]
[SourceQuality "1"]

1. e4 c5 2. Nf3 d6 3. d4 cxd4 4. Nxd4 Nf6 5. Nc3 a6 6. Bg5 Nbd7 7. Bc4 Qa5 8. Qd2 e6 9. Bb3 h6 10. Bh4 b5 11. f3 Bb7 12. 0-0 b4 13. Nce2 Be7 14. Rad1 0-0 15. Nxe6 fxe6 16. Bxe6+ Kh8 17. Bxd7 g5 18. Be6 gxh4 19. Qxh6+ Nh7 20. Nf4 Rxf4 21. Qxf4 Rf8 22. Qd2 Qe5 23. Bd5 Bg5 24. Qxb4 Be3+ 25. Kh1 h3 26. g3 Bc8 27. Qc3 Qxc3 28. bxc3 Bc5 29. Rd3 a5 30. f4 Nf6 31. Re1 Ng4 32. Rf1 Ba6 33. c4 Rb8 34. Rb3 Rxb3 35. cxb3 Nf2+ 36. Rxf2 Bxf2 37. Be6 a4 38. Bxh3 axb3 39. axb3 Bb7 40. Kg2 Bd4 41. Kf3 Kg7 42. Bd7 Bg1 43. h4 Bd4 44. g4 Kf7 45. h5 Ke7 46. Bf5 Bh8 47. g5 Bc6 48. Bh7 Be8 49. Kg4 Kf8 50. Bf5 Ke7 51. Bc8 Bf7 52. Kf5 Be8 53. g6 Bg7 54. Be6 Bc6 55. Bd5 Bd7+ 56. Kg5 Bf6+ 57. Kh6 Kf8 58. Kh7 Be8 59. f5 Be5 60. h6 Ke7 61. g7 Kf6 62. g8Q Bg6+ 63. Qxg6+ Ke7 64. Qe6+ Kf8 65. Qf7# 1-0

[Event "Internet Section 06A g/8'+2\""]
[Site "Dos Hermanas"]
[Date "2004.03.06"]
[Round "1"]
[White "Gomez, Guillermo Anibal"]
[Black "Zimin, Vladimir"]
[Result "0-1"]
[WhiteElo "1674"]
[BlackElo "2398"]
[PlyCount "66"]
[EventDate "2004.03.06"]
[EventType "swiss (blitz)"]
[EventRounds "9"]
[EventCountry "ESP"]
[SourceTitle "CBM 099 Extra"]
[Source "ChessBase"]
[SourceDate "2004.05.04"]
[SourceVersion "1"]
[SourceVersionDate "2004.05.04"]
[SourceQuality "1"]

1. d4 Nf6 2. c4 e6 3. Nc3 Bb4 4. Nf3 d5 5. e3 0-0 6. Bd2 c5 7. a3 cxd4 8. Nxd4 Bc5 9. Nb3 Bb6 10. c5 Bc7 11. Nb5 Be5 12. Bc3 Bxc3+ 13. Nxc3 Nbd7 14. Bb5 Qe7 15. Bxd7 Nxd7 16. Qd4 b6 17. cxb6 Nxb6 18. Nd2 Ba6 19. b4 e5 20. Qc5 Qg5 21. g3 Rfc8 22. Qa5 Bd3 23. Nxd5 Nc4 24. Qa4 Nxd2 25. Kxd2 Be4 26. h4 Qd8 27. Rhd1 Qxd5+ 28. Ke1 Qe6 29. Rd2 Qh3 30. Rd7 Qh1+ 31. Ke2 Bf3+ 32. Kd3 Qxa1 33. Rxf7 Qc3# 0-1

[Event "Internet Section 06A g/8'+2\""]
[Site "Dos Hermanas"]
[Date "2004.03.06"]
[Round "2"]
[White "Zimin, Vladimir"]
[Black "Sadafi, Rafael"]
[Result "0-1"]
[WhiteElo "2398"]
[BlackElo "2022"]
[PlyCount "193"]
[EventDate "2004.03.06"]
[EventType "swiss (blitz)"]
[EventRounds "9"]
[EventCountry "ESP"]
[SourceTitle "CBM 099 Extra"]
[Source "ChessBase"]
[SourceDate "2004.05.04"]
[SourceVersion "1"]
[SourceVersionDate "2004.05.04"]
[SourceQuality "1"]

1. e4 c6 2. d4 g6 3. Nc3 Bg7 4. h3 d5 5. e5 Nh6 6. g4 Na6 7. Bg2 Nc7 8. Nge2 Be6 9. Bg5 f6 10. exf6 exf6 11. Bf4 0-0 12. Qd2 Nf7 13. 0-0-0 f5 14. g5 Qd7 15. h4 Nd6 16. h5 Kf7 17. Bxd6 Qxd6 18. Qf4 Qd7 19. Qh2 Rae8 20. Nf4 Rh8 21. Nce2 Re7 22. Ng1 Qd8 23. Nf3 Bc8 24. h6 Bf8 25. Ne5+ Rxe5 26. dxe5 Qxg5 27. Kb1 Ne6 28. Nd3 Qd8 29. f4 Be7 30. Bh3 Nf8 31. c4 Be6 32. cxd5 Qxd5 33. Bg2 Qxa2+ 34. Kc1 Bb3 35. e6+ Ke8 36. Rde1 a5 37. Qg1 c5 38. Bxb7 a4 39. Bc6+ Kd8 40. Kd2 Bxe6 41. Ra1 Qc4 42. Ne5 Qb4+ 43. Kc1 Qxf4+ 44. Kc2 Bb3+ 45. Kb1 Qxe5 46. Qg2 Ne6 47. Bxa4 Bd5 48. Rd1 Nd4 49. Qd2 Qe4+ 50. Kc1 Ne2+ 51. Qxe2 Qxe2 52. Rxd5+ Kc8 53. Bc2 Bg5+ 54. Kb1 Rd8 55. Rxc5+ Kb7 56. Raa5 Rd6 57. Re5 Qf1+ 58. Ka2 Ra6 59. b4 Rxa5+ 60. Rxa5 Qe2 61. Kb3 Bf6 62. Rc5 Kb6 63. Ka4 Qe8+ 64. Kb3 Qe3+ 65. Ka4 f4 66. Rb5+ Kc7 67. Rc5+ Kd6 68. Bb3 f3 69. Rd5+ Ke7 70. Rc5 f2 71. Bc4 Qe1 72. Rc7+ Kd6 73. Rxh7 f1Q 74. Bxf1 Qxf1 75. Rf7 Qa1+ 76. Kb5 Bd4 77. h7 Bb2 78. Rf8 Bh8 79. Rf7 Ke6 80. Rf8 g5 81. Rg8 Kf5 82. Kc6 Qf6+ 83. Kc5 Qe7+ 84. Kc6 Qe6+ 85. Kc5 Qf6 86. b5 g4 87. b6 Qe7+ 88. Kc6 Be5 89. b7 Qc7+ 90. Kd5 Qxb7+ 91. Kc4 Qxh7 92. Rf8+ Bf6 93. Rc8 g3 94. Rc5+ Kg6 95. Rd5 g2 96. Rd1 Qh4+ 97. Kd3 0-1

[Event "Dos Hermanas Qualifier"]
[Site "ICC INT"]
[Date "2000.03.18"]
[Round "1.1"]
[White "Zimin, Vladimir"]
[Black "Popov, Valerij"]
[Result "0-1"]
[WhiteElo "2338"]
[BlackElo "2534"]
[PlyCount "72"]
[EventDate "2000.03.18"]
[EventType "k.o."]
[EventRounds "5"]
[EventCountry "USA"]
[SourceTitle "EXT 2001"]
[Source "ChessBase"]
[SourceDate "2000.11.22"]
[SourceVersion "1"]
[SourceVersionDate "2000.11.22"]
[SourceQuality "1"]

1. Nf3 d5 2. g3 Bg4 3. Bg2 Nd7 4. 0-0 e6 5. d3 Ngf6 6. b3 Be7 7. Bb2 0-0 8. Nbd2 c5 9. e4 Bh5 10. e5 Ne8 11. Qe2 Nc7 12. h3 a5 13. a4 Na6 14. g4 Bg6 15. Rfe1 Nb4 16. Nf1 c4 17. bxc4 dxc4 18. Red1 cxd3 19. cxd3 Rc8 20. Rac1 Rxc1 21. Bxc1 Nc5 22. d4 Nxa4 23. Qe3 Nd5 24. Qe1 Nac3 25. Rd2 Bb4 26. Ng3 Nb1 27. Qd1 Nxd2 28. Bxd2 b5 29. h4 Qc7 30. Ne1 Bxd2 31. Qxd2 Qc3 32. Qe2 Qxd4 33. h5 Nc3 34. Qb2 Bd3 35. Nf3 Qb4 36. Qd2 Ne2+ 0-1

[Event "Oz.com qual blitz"]
[Site "ICC INT"]
[Date "2000.03.05"]
[Round "8"]
[White "Gofshtein, Leonid D"]
[Black "Zimin, Vladimir"]
[Result "1-0"]
[WhiteElo "2580"]
[BlackElo "2338"]
[PlyCount "117"]
[EventDate "2000.03.05"]
[EventType "swiss (blitz)"]
[EventRounds "9"]
[EventCountry "USA"]
[SourceTitle "EXT 2001"]
[Source "ChessBase"]
[SourceDate "2000.11.22"]
[SourceVersion "1"]
[SourceVersionDate "2000.11.22"]
[SourceQuality "1"]

1. d4 Nf6 2. c4 g6 3. Nc3 Bg7 4. e4 d6 5. Nf3 0-0 6. Be2 e5 7. 0-0 Nc6 8. d5 Ne7 9. b4 a5 10. bxa5 Rxa5 11. Nd2 c5 12. a4 Ra6 13. Ra3 Bh6 14. Qc2 Ne8 15. Nb3 Bxc1 16. Qxc1 f5 17. exf5 Nxf5 18. Ne4 Nf6 19. Ng3 Nd4 20. Nxd4 exd4 21. h3 Qe7 22. Bd3 Nd7 23. f4 Qh4 24. Ne4 Nf6 25. Nxf6+ Qxf6 26. f5 g5 27. Be2 Re8 28. Bh5 Re5 29. Rg3 h6 30. h4 Rxf5 31. Rxf5 Qxf5 32. hxg5 Qe5 33. Qf1 Qxg3 34. Qf7+ Kh8 35. Qf8+ Kh7 36. g6+ Qxg6 37. Bxg6+ Kxg6 38. Qxc8 Rb6 39. Qe8+ Kf5 40. Qe6+ Kf4 41. Qe2 Rb3 42. Qd2+ Ke5 43. Qe1+ Re3 44. Qc1 Ke4 45. Kf2 Kd3 46. Qd1+ Kxc4 47. Qb1 Rb3 48. Qg6 d3 49. Ke3 Ra3 50. g4 Kb4 51. Qxd6 Kc4 52. Qe6 Kc3 53. d6 c4 54. d7 Ra2 55. Qf6+ Kb3 56. Qb6+ Kc3 57. Qd4+ Kb3 58. d8Q Re2+ 59. Kf3 1-0

[Event "Oz.com qual blitz"]
[Site "ICC INT"]
[Date "2000.03.05"]
[Round "4"]
[White "Maestrini, Enrico"]
[Black "Zimin, Vladimir"]
[Result "0-1"]
[WhiteElo "2060"]
[BlackElo "2338"]
[PlyCount "64"]
[EventDate "2000.03.05"]
[EventType "swiss (blitz)"]
[EventRounds "9"]
[EventCountry "USA"]
[SourceTitle "EXT 2001"]
[Source "ChessBase"]
[SourceDate "2000.11.22"]
[SourceVersion "1"]
[SourceVersionDate "2000.11.22"]
[SourceQuality "1"]

1. e4 c6 2. Nc3 d5 3. Qf3 d4 4. Bc4 Nf6 5. e5 dxc3 6. exf6 cxd2+ 7. Bxd2 exf6 8. 0-0-0 Be6 9. Bb4 Qc8 10. Bxf8 Rxf8 11. Re1 Ke7 12. Nh3 Re8 13. Qa3+ c5 14. Nf4 Kf8 15. Bb5 Nd7 16. Re3 a6 17. Bd3 Kg8 18. Rhe1 Ne5 19. Qc3 Qc7 20. Nxe6 Rxe6 21. Bf5 Re7 22. f4 Nc6 23. g3 Rae8 24. Rxe7 Rxe7 25. Be4 Nd4 26. Qd3 f5 27. c3 fxe4 28. Rxe4 Rxe4 29. Qxe4 Qc6 30. Qe1 Qe6 31. Qd2 Nc6 32. b3 h6 0-1

[Event "Oz.com qual blitz"]
[Site "ICC INT"]
[Date "2000.03.05"]
[Round "5"]
[White "Zimin, Vladimir"]
[Black "Vescovi, Giovanni P"]
[Result "1/2-1/2"]
[WhiteElo "2338"]
[BlackElo "2511"]
[PlyCount "157"]
[EventDate "2000.03.05"]
[EventType "swiss (blitz)"]
[EventRounds "9"]
[EventCountry "USA"]
[SourceTitle "EXT 2001"]
[Source "ChessBase"]
[SourceDate "2000.11.22"]
[SourceVersion "1"]
[SourceVersionDate "2000.11.22"]
[SourceQuality "1"]

1. Nf3 Nf6 2. d4 e6 3. g3 b6 4. Bg2 Bb7 5. 0-0 Be7 6. c4 0-0 7. Nc3 Ne4 8. Qc2 Nxc3 9. Qxc3 d6 10. b3 Nd7 11. Bb2 Bf6 12. Qc2 Qe7 13. e4 e5 14. d5 g6 15. b4 Bg7 16. Rac1 a5 17. a3 f5 18. Nd2 Bh6 19. Rce1 Bxd2 20. Qxd2 f4 21. Bh3 Bc8 22. f3 fxg3 23. hxg3 Nf6 24. Bxc8 Rfxc8 25. Qg5 axb4 26. axb4 Re8 27. Kg2 Nh5 28. Qxe7 Rxe7 29. Ra1 Ree8 30. Rxa8 Rxa8 31. Ra1 Rxa1 32. Bxa1 g5 33. Bc3 Kf7 34. c5 b5 35. c6 Nf6 36. Bd2 Kg6 37. Be3 h5 38. Bb6 Ne8 39. Be3 Nf6 40. Kh3 g4+ 41. Kg2 gxf3+ 42. Kxf3 Ne8 43. Bc1 Nf6 44. Bd2 Ne8 45. Bc3 Kg5 46. Bd2+ Kg6 47. Bc3 Kg5 48. Bd2+ Kg6 49. Be3 Nf6 50. Bg1 Kg5 51. Be3+ Kg6 52. Bd2 Ne8 53. g4 hxg4+ 54. Kxg4 Nf6+ 55. Kf3 Kh5 56. Be1 Kg5 57. Bg3 Ne8 58. Bh2 Kh4 59. Bg3+ Kg5 60. Bf2 Nf6 61. Be3+ Kh5 62. Bd2 Ne8 63. Bc3 Kg5 64. Kg3 Kh5 65. Bb2 Kg5 66. Bc1+ Kh5 67. Be3 Nf6 68. Kf3 Kh4 69. Bf2+ Kg5 70. Bg3 Ne8 71. Bh2 Kh4 72. Bg1 Kg5 73. Bf2 Nf6 74. Ba7 Ne8 75. Kg3 Kh5 76. Be3 Nf6 77. Kh3 Ne8 78. Bf2 Kg5 79. Be3+ 1/2-1/2